MARC details
| 000 -CABECERA |
| campo de control de longitud fija |
01222cam a2200325 a 4500 |
| 001 - NÚMERO DE CONTROL |
| campo de control |
000010536 |
| 005 - FECHA Y HORA DE LA ÚLTIMA TRANSACCIÓN |
| campo de control |
20200929162239.0 |
| 008 - DATOS DE LONGITUD FIJA--INFORMACIÓN GENERAL |
| campo de control de longitud fija |
810429m19791985sp b 000 0 spa d |
| 020 ## - NÚMERO INTERNACIONAL ESTÁNDAR DEL LIBRO |
| Número Internacional Estándar del Libro |
8424935268 |
| 035 ## - NÚMERO DE CONTROL DEL SISTEMA |
| Número de control de sistema |
(DLC) 81133574 |
| 040 ## - FUENTE DE LA CATALOGACIÓN |
| Centro catalogador/agencia de origen |
DO-SdBNP |
| Lengua de catalogación |
spa |
| Centro/agencia transcriptor |
BNPHU |
| Centro/agencia modificador |
DLC |
| 082 ## - NÚMERO DE LA CLASIFICACIÓN DECIMAL DEWEY |
| Número de clasificación |
882.01 |
| Número de documento/Ítem |
E89t |
| 049 ## - FONDOS LOCALES (OCLC) |
| Fondos de biblioteca |
BNGR |
| 100 0# - ENTRADA PRINCIPAL--NOMBRE DE PERSONA |
| Nombre de persona |
Eurípides. |
| Fechas asociadas al nombre |
480 a. C.-406 a. C. |
| 9 (RLIN) |
25556 |
| 245 10 - MENCIÓN DE TÍTULO |
| Título |
Tragedias : / |
| Mención de responsabilidad, etc. |
Eurípides ; introducciones, traducción y notas de Carlos García Gual y Luis Alberto de Cuenca y Prado. |
| 260 ## - PUBLICACIÓN, DISTRIBUCIÓN, ETC. |
| Lugar de publicación, distribución, etc. |
Madrid : |
| Nombre del editor, distribuidor, etc. |
Gredos, |
| Fecha de publicación, distribución, etc. |
c1979. |
| 300 ## - DESCRIPCIÓN FÍSICA |
| Extensión |
v. ; |
| Dimensiones |
20 cm. |
| 490 1# - MENCIÓN DE SERIE |
| Mención de serie |
Biblioteca clásica Gredos |
| Designación de volumen o secuencia |
22 |
| 500 ## - NOTA GENERAL |
| Nota general |
Reimpresión, 1985. |
| 504 ## - NOTA DE BIBLIOGRAFÍA, ETC. |
| Nota de bibliografía, etc. |
Incluye notas al pie de las páginas. |
| 600 10 - PUNTO DE ACCESO ADICIONAL DE MATERIA--NOMBRE DE PERSONA |
| Nombre de persona |
EURÍPIDES |
| Fechas asociadas al nombre |
480 a.c-406 a.c |
| Subdivisión general |
TRADUCCIONES AL ESPAÑOL |
| 9 (RLIN) |
25557 |
| 650 #4 - PUNTO DE ACCESO ADICIONAL DE MATERIA--TÉRMINO DE MATERIA |
| Término de materia o nombre geográfico como elemento de entrada |
Teatro griego |
| 9 (RLIN) |
25558 |
| 650 #4 - PUNTO DE ACCESO ADICIONAL DE MATERIA--TÉRMINO DE MATERIA |
| Término de materia o nombre geográfico como elemento de entrada |
Literatura griega |
| 9 (RLIN) |
2386 |
| 650 #4 - PUNTO DE ACCESO ADICIONAL DE MATERIA--TÉRMINO DE MATERIA |
| Término de materia o nombre geográfico como elemento de entrada |
Mitología griega |
| 9 (RLIN) |
25559 |
| 700 1# - PUNTO DE ACCESO ADICIONAL--NOMBRE DE PERSONA |
| Nombre de persona |
Garcia Gual, Carlos, |
| Fechas asociadas al nombre |
1943- |
| Término indicativo de función/relación |
tr. |
| 9 (RLIN) |
25560 |
| 700 1# - PUNTO DE ACCESO ADICIONAL--NOMBRE DE PERSONA |
| Nombre de persona |
Cuenca, Luis Alberto de, |
| Fechas asociadas al nombre |
1950- |
| Término indicativo de función/relación |
tr. |
| 9 (RLIN) |
25561 |
| 830 #0 - PUNTO DE ACCESO ADICIONAL DE SERIE-TÍTULO UNIFORME |
| Título uniforme |
Biblioteca clásica Gredos ; |
| Designación de volumen o secuencia |
22. |
| 9 (RLIN) |
8642 |
| 856 42 - LOCALIZACIÓN Y ACCESO ELECTRÓNICOS |
| Especificación de materiales |
Publisher description |
| Identificador Uniforme del Recurso |
<a href="http://www.loc.gov/catdir/enhancements/fy0909/81133574-d.htm">http://www.loc.gov/catdir/enhancements/fy0909/81133574-d.htm</a> |
| 910 ## - DATOS DE OPCIÓN DEL USUARIO (OCLC) |
| Datos de opción del usuario |
Catalogación por copia / LC |